000 01119nam a22003377a 4500
003 CHAP
005 20220329141108.0
008 971013s1991 r 00010 d
010 _a62511
011 _a63483
035 _a67659
040 _cCHAP
082 _a338
_bG3
100 0 0 _aGarcía Canclini, Néstor
_ecomp.
_945810
245 _aCultura y pospolítica
_b: el debate sobre la modernidad en América Latina
260 _aMéxico, D.F. :
_bConsejo Nacional para la Cultura y las Artes,
_c1991
300 _a342 p.
490 _aClaves de América Latina
590 _aBATCH-UPD
_b10
_c20130110
_lUCH01
_h0443
590 _aBATCH-UPD
_b10
_c20130410
_lUCH01
_h0120
590 _aBATCH-UPD
_b10
_c20130914
_lUCH01
_h0821
590 _aCONVERSION
_b10
_c20130109
_lUCH01
_h1334
650 1 4 _aCambio social
_xAmérica Latina.
_917788
650 1 4 _aCultura popular.
_930409
650 1 4 _aPolítica social.
_990696
650 1 4 _aSociología.
_9108197
830 0 _aClaves de América Latina
_923716
901 _aBK
942 _cLIBRO
949 _a338 G3
_bBC
_cLIBRO
_d33724000634291
_eLIBRO
_gI.c/e
_h91896
_i67659
_si
999 _c62511
_d62511